Équipe de France - Euro 2016 - Statistiques

Statistiques générales
  • Ce quiz a été pris 961 fois
  • Le résultat moyen est 18 sur 23
Statistiques - réponses
Poste Club Joueur % Correct
Gardien Tottenham Hotspur Hugo Lloris
99%
Gardien Olympique de Marseille Steve Mandanda
97%
Attaquant Atlético Madrid Antoine Griezmann
96%
Milieu Juventus Paul Pogba
95%
Milieu Leicester CIty N'Golo Kanté
92%
Attaquant Tigres UANL André-Pierre Gignac
90%
Attaquant Arsenal Olivier Giroud
90%
Milieu Paris Saint-Germain Blaise Matuidi
87%
Attaquant West Ham Dimitri Payet
86%
Attaquant Manchester United Anthony Martial
84%
Attaquant Bayern Munich Kingsley Coman
84%
Défenseur Arsenal Laurent Koscielny
78%
Défenseur Olympique Lyonnais Samuel Umtiti
77%
Défenseur Juventus Patrice Evra
73%
Gardien Stade Rennais Benoît Costil
70%
Défenseur FC Séville Adil Rami
69%
Défenseur Manchester City Bacary Sagna
65%
Milieu Newcastle United Moussa Sissoko
64%
Défenseur AS Rome Lucas Digne
59%
Milieu Crystal Palace Yohan Cabaye
59%
Défenseur Manchester City Eliaquim Mangala
50%
Milieu Manchester United Morgan Schneiderlin
47%
Défenseur Olympique Lyonnais Christophe Jallet
38%
Aucun quiz correspondant
Distribution des résultats
% des personnes avec chaque résultat
Percentile par nombre de réponses
Votre historique - résultats
Vous n’avez pas pris ce quiz